• 首页
  • 本馆介绍
  • 公告通知
  • 最新文献
  • 馆藏检索
  • 电子资源
  • 读者导购
  • 参考咨询
  • 我的图书馆
  • 登录
  • 详细信息显示
  • 放入我的书架
  • 预约/预借图书
  • 作者相关作品
  • 分类相关作品
  • 丛书相关作品
  • 出版社相关作品

书目信息

  • 表格格式
  • 工作单格式
  • 卡片格式
题名:
我们和你们
    
 
作者: 刘新生 主编
分册:   中国和文莱的故事
出版信息: 北京   五洲传播出版社  2017
页数: 248页
开本: 23cm
丛书名:
单 册:
中图分类: D822.234.4 , D822.234
科图分类:
主题词: 中外关系--友好往来--文莱
电子资源:
ISBN: 978-7-5085-3644-6
000 00968nam0 2200253 450
001 2119
005 20180522165823.22
010    @a978-7-5085-3644-6@dCNY56.00
100    @a20170802d2017 em y0chiy50 ea
101 0  @achi
102    @aCN@b110000
105    @aa z 000yy
200 1  @a我们和你们@9wo men he ni men@i中国和文莱的故事@f刘新生主编
210    @a北京@c五洲传播出版社@d2017
215    @a248页@c照片@d23cm
300    @a小故事揭秘大历史
330    @a本书由我国首任常驻文莱大使刘新生担任主编,26位撰稿人(包括3位文方作者)都是讴歌中文关系发展的见证者、参与者和推动者。文章记录了两国建交前的悠久友好交往历史和建交以来双方在政治、经贸、历史、文化等方面的交流与合作,以及人民友好的生动史实。
517 1  @a中国和文莱的故事@9zhong guo he wen lai de gu shi
606 0  @a中外关系@x友好往来@y文莱
690    @aD822.234.4@v5
690    @aD822.234@v4
701  0 @a刘新生@9liu xin sheng@4主编
801  0 @aCN@b91MARC@c20170802
905    @aMuseLib@dD822.234@e186
    
    我们和你们.中国和文莱的故事/刘新生主编.-北京:五洲传播出版社,2017
    248页:照片;23cm
    小故事揭秘大历史
    
    ISBN 978-7-5085-3644-6:CNY56.00
    本书由我国首任常驻文莱大使刘新生担任主编,26位撰稿人(包括3位文方作者)都是讴歌中文关系发展的见证者、参与者和推动者。文章记录了两国建交前的悠久友好交往历史和建交以来双方在政治、经贸、历史、文化等方面的交流与合作,以及人民友好的生动史实。
●
相关链接 在E读中查询图书 在五车中查询图书 在当当中查询图书 在豆瓣中查询图书


正题名:我们和你们     索取号:D822.234/186         预约/预借

序号 登录号 条形码 馆藏地/架位号 状态 备注
1 1108029   211080293   第一样本阅览室/ [索取号:D822.234/186] 在馆    
2 1108030   211080300   教育系资料室/ [索取号:D822.234/186] 在馆    
3 1108031   211080319   教育系资料室/ [索取号:D822.234/186] 在馆    
4 1108032   211080328   第一借阅区/ [索取号:D822.234/186] 在馆    
唐山师范学院图书馆 欢迎您!
大连网信软件有限公司© 版权所有